000 00664nam a22002177a 4500
005 20140422125345.0
010 _aENG-109231
020 _c250.00
_a9780198097457
020 _c250.00
_a019809745x
035 _aEN-92764
037 _bDBAD/PUB
082 _aN
100 _aSaniya
245 _aTyanantar= thereafter /
_cby Saniya; translated from Marathi by Maya Pandit
260 _bOxford University Press
_c2013
_aNew Delhi
270 _bNew Delhi
_e110001
_aYMCA Library Building, 1 Jai Singh Road
300 _axli,142p.
_c20cm(pbk)
490 _aOxford novellas ; edited by Mini Krishnan
700 _aPandit, Maya
942 _2ddc
_cEN
_mSAN
_hN
999 _c82279
_d82279